• 首页
  • 本馆介绍
  • 公告通知
  • 最新文献
  • 馆藏检索
  • 电子资源
  • 读者导购
  • 参考咨询
  • 我的图书馆
  • 登录
  • 详细信息显示
  • 放入我的书架
  • 预约/预借图书
  • 作者相关作品
  • 分类相关作品
  • 丛书相关作品
  • 出版社相关作品

书目信息

  • 表格格式
  • 工作单格式
  • 卡片格式
题名:
大分化
    
 
作者: 徐以升 , 许元荣 著
分册:  
出版信息: 北京   中国经济出版社  2014
页数: 251页
开本: 24cm
丛书名:
单 册:
中图分类: F113.1
科图分类:
主题词: 世界经济--Shi Jie Jing Ji--经济格局--研究 , 国际金融--Guo Ji Jin Rong--经济格局--研究
电子资源:
ISBN: 978-7-5136-3054-2
000 01005nam0 22002771 450
001 350610
005 20161011153217.42
010    @a978-7-5136-3054-2@dCNY38.00
100    @a20140424d2014 em y0chiy50 ea
101 0  @achi
102    @aCN@b110000
105    @ay z 000yy
106    @ar
200 1  @a大分化@ADa Fen Hua@dThe great divergency@e全球经济金融新格局@f徐以升,许元荣著@zeng
210    @a北京@c中国经济出版社@d2014
215    @a251页@d24cm
330    @a本书以“大分化”为关键主题词,从经济增长、财政与主权债务、利率、汇率、股市等各个角度,前瞻性地分析预测了今后的世界经济格局变化。
510 1  @aGreat divergency@zeng
517 1  @a全球经济金融新格局@AQuan Qiu Jing Ji Jin Rong Xin Ge Ju
606 0  @a世界经济@AShi Jie Jing Ji@x经济格局@x研究
606 0  @a国际金融@AGuo Ji Jin Rong@x经济格局@x研究
690    @aF113.1@v5
701  0 @a徐以升@AXu Yi Sheng@c(财经)@4著
701  0 @a许元荣@AXu Yuan Rong@4著
801  0 @aCN@bTANGWEI@c20160805
905    @b0890895-9@dF113.1@e171@f5
    
    大分化=The great divergency:全球经济金融新格局/徐以升,许元荣著.-北京:中国经济出版社,2014
    251页;24cm
    
    
    ISBN 978-7-5136-3054-2:CNY38.00
    本书以“大分化”为关键主题词,从经济增长、财政与主权债务、利率、汇率、股市等各个角度,前瞻性地分析预测了今后的世界经济格局变化。
●
相关链接 在E读中查询图书 在五车中查询图书 在当当中查询图书 在豆瓣中查询图书


正题名:大分化     索取号:F113.1/171         预约/预借

序号 登录号 条形码 馆藏地/架位号 状态 备注
1 0890895   208908958   第一样本阅览室/ [索取号:F113.1/171] 在馆    
2 0890896   208908967   密集书库-海洋学院/ [索取号:F113.1/171] 在馆    
3 0890897   208908976   第一借阅区/ [索取号:F113.1/171] 在馆    
4 0890898   208908985   第一借阅区/ [索取号:F113.1/171] 在馆    
5 0890899   208908994   第一借阅区/ [索取号:F113.1/171] 在馆    
唐山师范学院图书馆 欢迎您!
大连网信软件有限公司© 版权所有